Quizzes
Events
Quiz Creation
Community
Videos
Private Events
Remove Ads
Sign In
Join for FREE
Feedback
Dark Mode
Quiz Categories
Sports
Geography
Music
Movies
Television
Just For Fun
Miscellaneous
History
Literature
Language
Science
Gaming
Entertainment
Religion
Holiday
For Kids
Quiz Lab
Recent
Popular Today
Quiz Kudos Today
Editor Picks
Curator Picks
Quizzes by...
Day
Popularity
Type
Ratings
Length
Year
Community
Subscriptions
Recent Discussions
Orange Saloon
Badges
Playlists
Quests
Create
Leaderboards
Showdown
Live 5
Trivia Bingo
Activity
Puzzle Library
Sporcle Events
Private Events
Virtual Trivia
Globe League
Become a Host
Pub Owners
SporcleCon
Opinionation
Our Games
Videos
Blog
Mobile Apps
Partnerships
Remove Ads and Go Orange
Feedback
Sports
Athletes
MLB
NBA
NHL
NFL
Soccer
Sports Teams
WWE
NCAA
Football
Premier League
Basketball
Baseball
Hockey
Golf
Tennis
Cricket
Rugby
Auto Racing
Olympics
World Cup
Sports
Athletes
MLB
NBA
NHL
NFL
Soccer
Sports Teams
WWE
NCAA
Football
Premier League
Basketball
Baseball
Hockey
Golf
Tennis
Cricket
Rugby
Auto Racing
Olympics
World Cup
Random Quiz
Search Sporcle
×
Quiz Lab
Quiz Lab
Sports
Baseball
Type in answers that appear in a list
Type in answers that appear in a list
Classic
Best Score? Go Orange.
Top MLB Birthplaces 1910 - 2010 Stats
Can you name the top birth countries or territories of MLB players for each year?
By
4tothe4th
2m
52 Questions
2,827 Plays
2,827 Plays
2,827 Plays
Comments
Comments
Give Quiz Kudos
Give Quiz Kudos
-
- Ratings
hide this ad
More Info
Replay
Link that replays current quiz
Next Quiz
Link to next quiz in quiz playlist
You Got
0%
They Got
Avg Score
82%
Avg Friend Score
Upgrade to see
Score Distribution
Jump to the score distribution portion of the page
Score
0/52
Timer
02:00
0
Plays Today
# of Players
% Correct
1910
United States
99.7%
1920
United States
99.7%
1910
Canada
96.5%
1920
Canada
96.5%
1930
Canada
96.5%
1940
Canada
96.5%
1950
Canada
96.5%
1960
Canada
96.5%
1940
United States
96.5%
1950
United States
96.5%
1960
United States
96.5%
1970
United States
96.5%
1980
United States
96.5%
1990
United States
96.5%
2000
United States
96.5%
2010
United States
96.5%
2010
Canada
96.2%
1950
Mexico
95.4%
1980
Mexico
95.4%
1990
Mexico
95.4%
2000
Mexico
95.4%
1930
United States
95.3%
1960
Dominican Republic
94.8%
1970
Dominican Republic
94.8%
1980
Dominican Republic
94.8%
1990
Dominican Republic
94.8%
# of Players
% Correct
2000
Dominican Republic
94.8%
2010
Dominican Republic
94.8%
1920
Cuba
89.1%
1930
Cuba
89.1%
1940
Cuba
89.1%
1950
Cuba
89.1%
1960
Cuba
89.1%
1970
Cuba
89.1%
1990
Cuba
89.1%
1970
Venezuela
81.4%
1980
Venezuela
81.4%
1990
Venezuela
81.4%
2000
Venezuela
81.4%
2010
Venezuela
81.4%
1910
England
74.8%
1960
Puerto Rico
64.6%
1970
Puerto Rico
64.6%
1980
Puerto Rico
64.6%
1990
Puerto Rico
64.6%
2000
Puerto Rico
64.6%
2010
Puerto Rico
64.6%
1940
Italy
46.2%
1910
Ireland
40.9%
1910
Austria-Hungary
10.2%
1930
Austria-Hungary
10.2%
1930
Norway
9.6%
Quiz Playlist
Details
Report
Send in Message
Add To Playlist
More Info:
Data is taken from players who were active during the given season. Edited 9/30/2010 to reflect the completed 2010 season.
Classic:
Type in answers that appear in a list
Quiz Source
Last Updated: Feb 16, 2017
Quiz Scoreboard
CHALLENGE
Sign Up to Join the Scoreboard
Show All
Scores
Hide
Comments
May contain spoilers
Recently Published
An Introduction to Baseball
by treessimontrees
Sports
5m
Movies - When Are They Set?
by FPL_Elf
Movies
5m
Popular People in 1961
by mucciniale
History
6m
More to Explore
Quiz From the Vault
Featured Blog Post
Where Did the Easter Bunny Come From?
hide this ad
You Might Also Like...
Tags
Baseball Quiz
Country Quiz
MLB Quiz
1910s
2010
birth
birthplace
Five
Player
Today's Top Quizzes in Sports
Browse Sports
hide this ad
Today's Top Quizzes in Baseball
Browse Baseball
Top Contributed Quizzes in Sports
1
Les meilleurs buteurs des matchs entre le PSG et l’OM
2
2022 World Cup Stars
3
FIFA Club World Cup Champions
4
Les entraîneurs de l'OM et du PSG au 21e siècle
5
Name the Premier League winners with different clubs
6
La finale Lions - Afrique du Sud 2021
7
Criteria MLB: Left Handed Sluggers
8
Les joueurs passés par le LOSC et le RC Lens
9
Players with Multiple 50 Home Run Seasons
10
MLB Players with Two .350 Batting Average Seasons
Explore More
Trending Topics
Harry Potter
Kpop
Crossword
Disney
Marvel
Anime
NBA
WWE
Country
Soccer
Song
The Office
Pokémon
Puzzle
NFL
hide this ad
More By:
4tothe4th
Quiz
Plays
Rating
Category
Featured
Created
Peanuts Baseball Lineup
52,238
4.38
Entertainment
Sep 5, 2010
Philly Slang (Clickable)
13,706
4.25
Language
Apr 9, 2012
Punk Rock Slot Machine
3,058
3.25
Music
Jan 7, 2011
Top MLB Birthplaces 1910 - 2010
2,827
2.77
Sports
Apr 22, 2010
Top 10 Good Guys and Bad Guys in Sports
1,441
1.76
Sports
Feb 6, 2011
Go to Creator's Profile
Score Distribution
Quiz Creator Spotlight
4tothe4th
Follow
Send a Message
Quizzes Created
-
Created Quiz Play Count
-
More By This Creator
Popular Quizzes Today
1
Find the Countries of Europe - No Outlines Minefield
2
Find the US States - No Outlines Minefield
3
The Countries of the World
4
Popular People in 1961
5
US States
6
1-10 Letter E Words III
7
Find the US States
8
One Thing in Common: World Cities II
More Sports Quizzes
Français 50 matches en Bundesliga
Quiz Lab
Trending Quizzes
Risky Map Clicking: Least Populous States A-Z
1-10 Letter F Words
1-10 Letter G Words
One Thing in Common: United Kingdom
Risky Map Clicking: Next State Alphabetically
Recently Updated
Leaping Animals
pecheneg
Reality TV Shows (A-Z)
bhenderson79
Rickey Henderson's Hall of Fame Teammates
pecheneg
Champions League XIs: Arsenal
pecheneg
Quick Pick: Celebrities in WWE's Hall of Fame
aduchscher
A-Z Keypad Blitz II
pecheneg
Multiple Oscar Actors
pecheneg
Mystery Phrase Blitz: Oscar 'Best Actors'
pecheneg
F. Scott Fitzgerald Novels
LTH
Pick 3 Villains
ddd62291
Trending Topics
Harry Potter
Marvel
Crossword
Disney
Kpop
NBA
Anime
NFL
Puzzle
The Office
WWE
Pokémon
Soccer
Country
Song
Your Account Isn't Verified!
In order to create a playlist on Sporcle, you need to verify the email address you used during registration. Go to your
Sporcle Settings
to finish the process.
Report this User
Report this user for behavior that violates our
Community Guidelines
.
Details:
Send Report
Go to the Sporcle.com Mobile Site →
Comments